<?xml version="1.0" encoding="UTF-8"?>
<record
    xmlns:xsi="http://www.w3.org/2001/XMLSchema-instance"
    xsi:schemaLocation="http://www.loc.gov/MARC21/slim http://www.loc.gov/standards/marcxml/schema/MARC21slim.xsd"
    xmlns="http://www.loc.gov/MARC21/slim">

  <leader>00848nam a2200229 i 4500</leader>
  <controlfield tag="001">45816</controlfield>
  <controlfield tag="003">ES-MaACL</controlfield>
  <controlfield tag="005">20250710134120.0</controlfield>
  <controlfield tag="007">t|</controlfield>
  <controlfield tag="008">030327s1914    fr           ||||1| fre d</controlfield>
  <datafield tag="100" ind1="1" ind2=" ">
    <subfield code="a">Collignon, Maxime.</subfield>
    <subfield code="9">39712</subfield>
  </datafield>
  <datafield tag="245" ind1="1" ind2="3">
    <subfield code="a">Le Parth&#xE9;non : </subfield>
    <subfield code="b">l'histoire, l'architecture et la sculpture / </subfield>
    <subfield code="c">par Maxime Collignon.</subfield>
  </datafield>
  <datafield tag="260" ind1=" " ind2=" ">
    <subfield code="a">Paris : </subfield>
    <subfield code="b">Hachette et Cie., </subfield>
    <subfield code="c">1914] (</subfield>
    <subfield code="f">Imp. Berger-Levrault)</subfield>
  </datafield>
  <datafield tag="300" ind1=" " ind2=" ">
    <subfield code="a">210 p., [22] h. de l&#xE1;m. : </subfield>
    <subfield code="b">il. ; </subfield>
    <subfield code="c">28 cm.</subfield>
  </datafield>
  <datafield tag="530" ind1=" " ind2=" ">
    <subfield code="a">Disponible en formato digital.</subfield>
  </datafield>
  <datafield tag="610" ind1="2" ind2="4">
    <subfield code="a">Parten&#xF3;n.</subfield>
    <subfield code="9">146680</subfield>
  </datafield>
  <datafield tag="651" ind1=" " ind2="4">
    <subfield code="a">Atenas-</subfield>
    <subfield code="x">Edificios, estructuras, etc.</subfield>
    <subfield code="9">173275</subfield>
  </datafield>
  <datafield tag="852" ind1=" " ind2=" ">
    <subfield code="a">ES-MaACL</subfield>
    <subfield code="j">F-127</subfield>
    <subfield code="c">DEPO2</subfield>
    <subfield code="z">Revisado enlace: 10 de julio de 2025</subfield>
  </datafield>
  <datafield tag="856" ind1="4" ind2=" ">
    <subfield code="u">https://archive.org/details/leparthnonlhisto00coll/page/n11/mode/2up</subfield>
    <subfield code="y">Internet Archive</subfield>
  </datafield>
  <datafield tag="942" ind1=" " ind2=" ">
    <subfield code="2">udc</subfield>
  </datafield>
  <datafield tag="999" ind1=" " ind2=" ">
    <subfield code="c">45816</subfield>
    <subfield code="d">45816</subfield>
  </datafield>
  <datafield tag="952" ind1=" " ind2=" ">
    <subfield code="0">0</subfield>
    <subfield code="1">0</subfield>
    <subfield code="4">0</subfield>
    <subfield code="7">0</subfield>
    <subfield code="8">Colecci&#xF3;n_digital</subfield>
    <subfield code="a">ATENEOM</subfield>
    <subfield code="b">ATENEOM</subfield>
    <subfield code="c">DEPO2</subfield>
    <subfield code="d">2008-01-17</subfield>
    <subfield code="e">SC</subfield>
    <subfield code="l">0</subfield>
    <subfield code="o">F-127</subfield>
    <subfield code="p">1048200</subfield>
    <subfield code="r">2023-02-23 00:00:00</subfield>
    <subfield code="w">2023-02-23</subfield>
    <subfield code="y">MONOGRAFIA</subfield>
  </datafield>
</record>
